000 00308nam a2200121Ia 4500
008 220901s9999||||xx |||||||||||||| ||und||
082 _a620.11 SPR
100 _aSpringer
245 0 _aBulletin fo material science
250 _aVol. 38 Issue No. 7
260 _bSpringer
_c2015
650 _amaterial science
999 _c193718
_d193718